00759nam a2200193 a 450000100100000000500170001000800410002704000250006808200170009310000270011024500490013726000390018630000210022565000370024665100540028391000370033795201740037499900170054800003377820260417182716.0110909s1943 cu 000 0 spa d aDO-SdBNPbspacBNPHU a860.4bB823t1 aBazil, Osvaldo.93481910aTarea literaria y patricia /cOsvaldo Bazil. aLa Habana :bLa Verónica,c1943. a220 p. ;c19 cm. 0aLiteratura hispanoamericana9318 0aRepública DominicanaxPolítica y gobierno945 aValidado. Control de calidad MFF 001050718RVaPDbPDcHDd2011-09-09iLF1l0o860.4 B823tp33778-10r2020-06-25w2020-06-25y1zPerteneció a la biblioteca personal de Martínez BoogZNo se presta c33269d33269